Angielski w obrazkach : słownik, rozmówki, gramatyka /

Αποθηκεύτηκε σε:
Λεπτομέρειες βιβλιογραφικής εγγραφής
Κύριος συγγραφέας: Frankiewicz, Marcin (Autor)
Συγγραφή απο Οργανισμό/Αρχή: Edgard, Mariusz Jachimczuk (Wydawca)
Μορφή: Βιβλίο
Γλώσσα:Αγγλικά
Πολωνικά
Έκδοση: Warszawa : Wydawnictwo Edgard, 2019.
Θέματα:
Ετικέτες: Προσθήκη ετικέτας
Δεν υπάρχουν, Καταχωρήστε ετικέτα πρώτοι!

MARC

LEADER 00000nam a2200000 i 4500
001 991052529053905066
005 20260515100513.0
008 190430s2019 pl a f |000 0 eng
009 b1000000338464
015 |a UWD 2019/13801 
020 |a 9788366237186  |c zł 39,90 
035 |a xx004614011 
035 |a (OCoLC)1103912932 
035 |a (PL)b1000000338464 
035 |a (EXLNZ-48OMNIS_NETWORK)9910715902005606 
040 |a WA N  |c WA N  |d WA N 
041 0 |a eng  |a pol 
046 |k 2019 
080 |8 1.1\x  |a 811.111 
080 |8 1.2\x  |a (07) 
084 |a 18 
100 1 |a Frankiewicz, Marcin  |e Autor 
245 1 0 |a Angielski w obrazkach :  |b słownik, rozmówki, gramatyka /  |c [autor: Marcin Frankiewicz]. 
260 |a Warszawa :  |b Wydawnictwo Edgard,  |c 2019. 
300 |a 200 stron :  |b ilustracje ;  |c 24 cm. 
336 |a Tekst  |b txt  |2 rdacontent 
337 |a Bez urządzenia pośredniczącego  |b n  |2 rdamedia 
338 |a Wolumin  |b nc  |2 rdacarrier 
380 |a Książki 
380 |a Publikacje dydaktyczne 
385 |m Poziom nauczania  |a A1 (poziom biegłości językowej) 
385 |m Poziom nauczania  |a A2 (poziom biegłości językowej) 
388 1 |a 2001- 
521 8 |a Poziom A1-A2. 
650 7 |a Język angielski (przedmiot szkolny)  |2 DBN 
655 7 |a Podręcznik  |2 DBN 
658 |a Edukacja i pedagogika 
658 |a Językoznawstwo 
710 2 |a Edgard, Mariusz Jachimczuk  |e Wydawca  |4 pbl 
942 |2 ddc  |c BK  |n 0 
952 |0 0  |1 0  |2 ddc  |4 0  |6 W__3_000000000000000  |7 0  |9 22  |a WRO  |b WRO  |d 2026-04-11  |e da  |g 10.00  |i WRO-003  |l 1  |o W.3  |p 2000100000038  |r 2026-04-19 17:26:16  |s 2026-04-19  |v 10.00  |w 2026-04-11  |y BK 
999 |c 22  |d 22